Music Quiz

Random Music or Italian Quiz

Mozart: 'Non più andrai' lyrics (Missing Word) Quiz Stats

 Plays Quiz not verified by Sporcle

Challenge
Share
Tweet
Embed
Score 0/24 Timer 04:00
0 Plays Today
% Correct
farfallone
93.8%
Narcisetto
93.8%
cappello
93.8%
mustacchi
93.8%
poco
93.8%
valloni
93.8%
nevi
93.8%
girando
90.6%
tromboni
90.6%
bombarde
90.6%
Cherubino
90.6%
brillante
87.5%
% Correct
vermiglio
87.5%
guerrieri
87.5%
sciabla
87.5%
casco
87.5%
invece
87.5%
gloria
87.5%
penacchini
84.4%
fango
84.4%
turbando
78.1%
franco
78.1%
tuoni
78.1%
fischiar
71.9%

You're not logged in!

Compare scores with friends on all Sporcle quizzes.
Join for Free
OR
Log In

You Might Also Like...

Show Comments

Extras

Top Quizzes Today


Score Distribution

Your Account Isn't Verified!

In order to create a playlist on Sporcle, you need to verify the email address you used during registration. Go to your Sporcle Settings to finish the process.

Report this User

Report this user for behavior that violates our Community Guidelines.

Details: